PC EXPERT systémová příručka

Na minha lista:
Detalhes bibliográficos
Autor principal: Fröhlich, Aleš
Outros Autores: Krejčí, Vladimír
Formato: Livro
Idioma:tcheco
Publicado em: Pardubice Finish 1991
Edição:1. vyd.
Tags: Adicionar Tag
Sem tags, seja o primeiro a adicionar uma tag!

MARC

LEADER 00000nam a2200000 4500
001 c001099
005 20221214094449.1
020 |a 80-85340-05-4 
041 0 |a cze 
044 |a CZ 
245 1 0 |a PC EXPERT  |b systémová příručka  |c Aleš Fröhlich, Vladimír Krejčí 
250 |a 1. vyd. 
264 1 |a Pardubice  |b Finish  |c 1991 
300 |a 144 s. 
100 1 |a Fröhlich, Aleš 
700 1 |a Krejčí, Vladimír